Bonne orthographe - Mort Subite #4 - Statistiques

Statistiques générales
  • Ce quiz a été pris 517 fois
  • Le résultat moyen est 5 sur 22
Answers on the Grid
Answers color-coded by a green-red scale on the quiz's grid according to % correct below.
Guétapan
Libélulle
Assemption
Absynthisme
Dangeureux
Pécanier
Troglodyte
Vervaine
Endornétriose
Kookabura
Pythécophage
Mousticaire
Séismique
Triomphe
Tehuantepec
Trythrinax
Equateurial
Dodécagonal
Ginkgo
Kaloupilé
Quebracho
Shigellose
Gonorrhée
Traumathique
Bracelet
Échéancier
Amphigourique
Apopathodiaphulatophobe
Hédoniste
Imparidigité
Résipiscence
Interlocuteur
Luminaire
Stomoxe
Fibromyalgie
Rhubarbe
 
Statistiques - réponses
Réponse % Correct
Bracelet
67%
Triomphe
58%
Interlocuteur
56%
Luminaire
53%
Rhubarbe
48%
Échéancier
45%
Hédoniste
28%
Troglodyte
28%
Gonorrhée
25%
Fibromyalgie
22%
Dodécagonal
19%
Séismique
17%
Ginkgo
13%
Apopathodiaphulatophobe
8%
Amphigourique
5%
Imparidigité
3%
Résipiscence
3%
Stomoxe
3%
Tehuantepec
3%
Shigellose
2%
Kaloupilé
1%
Quebracho
1%
Aucun quiz correspondant
Distribution des résultats
% des personnes avec chaque résultat
Percentile par nombre de réponses
Votre historique - résultats
Vous n’avez pas pris ce quiz